|
|
|
|
| LEADER |
00000nam a2200000 a 4500 |
| 001 |
vtls008899803 |
| 003 |
SK-MaSNL |
| 005 |
20260301165926.0 |
| 008 |
240314s2006 xo g 000 0 cze |
| 015 |
|
|
|a SNBA2007/03-01052
|
| 020 |
|
|
|a 8089227430
|q (brož.)
|
| 035 |
|
|
|a F4FE09DD-668A-467B-A0E5-5C8343B8AB76
|
| 035 |
|
|
|a urn:nbn:sk:snk-amjef0
|
| 035 |
|
|
|a urn:nbn:sk:snk-am000yr2
|
| 040 |
|
|
|a SNK
|b slo
|c SNK
|e AACR2
|
| 041 |
1 |
|
|a cze
|h rus
|
| 044 |
|
|
|a xo
|c SK
|
| 072 |
|
7 |
|a 165
|x Teória poznania. Epistemológia
|2 konspekt
|
| 080 |
|
|
|a 165.322
|2 2001
|
| 080 |
|
|
|a 124.6
|2 2001
|
| 080 |
|
|
|a 316.628
|2 2001
|
| 080 |
|
|
|a (035)
|2 2001
|
| 080 |
|
|
|a 111.61
|2 2001
|
| 100 |
1 |
|
|a Zeland, Vadim
|4 aut
|9 356520
|
| 240 |
1 |
0 |
|a Transerfing reaľnosti. Stupeň III. Vpered v prošloe
|l Česky
|
| 245 |
1 |
0 |
|a Ovlivňování reality
|n Díl III.
|p Vpřed do minulosti!
|c Vadim Zeland ; [překlad: Jana Kovářová]
|
| 250 |
|
|
|a 1. vyd.
|
| 260 |
|
|
|a Bratislava
|b Eugenika
|c 2006
|
| 300 |
|
|
|a 174 s.
|c 21 cm
|
| 650 |
0 |
7 |
|a skutočnosť
|2 SNKPH
|9 29798
|
| 650 |
0 |
7 |
|a osud
|2 SNKPH
|9 21766
|
| 650 |
0 |
7 |
|a sebarealizácia
|2 SNKPH
|9 4935
|
| 650 |
0 |
7 |
|a duchovné poznanie
|2 SNKPH
|9 3767
|
| 655 |
|
7 |
|a príručky
|2 SNKPH
|9 74364
|
| 700 |
1 |
|
|a Kovářová, Jana
|4 trl
|9 314376
|
| 919 |
|
|
|a 80-89227-43-0
|
| 958 |
|
|
|a OP
|
| 958 |
|
|
|a CZ
|
| 958 |
|
|
|a NM
|
| 968 |
|
|
|a Čes
|b RUS
|d 1
|
| 999 |
|
|
|c 825939
|d 827869
|
| 952 |
|
|
|a SNK
|b SNK
|y PREZ
|7 0
|p 17A0531967
|o snkSD 76074/3
|i snk2006/25800
|8 0
|0 0
|1 0
|4 0
|d 2006-12-11
|l 0
|r 2025-11-24 00:00:00
|w 2026-02-24
|
| 952 |
|
|
|a SNK
|b SNK
|y VYP
|7 0
|p 17A0531966
|o snkSD 76074/3 D1
|i snk2006/25801
|8 0
|0 0
|1 0
|4 0
|d 2006-12-11
|f 1
|l 0
|r 2017-06-30 00:00:00
|w 2026-02-24
|
| 952 |
|
|
|t snkZEL/3 165
|a SNKUST
|b SNKUST
|y PREZ
|7 0
|p 17A0510652
|o snkSD 76074/3 D2
|i snk2007/16595
|8 3
|g 6.57
|0 0
|1 0
|4 0
|d 2007-07-02
|l 0
|r 2025-03-19 00:00:00
|w 2026-02-24
|